Revista invecom. (Registro nro. 173298)
[ vista simple ]
| 000 -LEADER | |
|---|---|
| fixed length control field | 01043nas a22003251i 4500 |
| 001 - CONTROL NUMBER | |
| control field | bslw10096154 |
| 006 - FIXED-LENGTH DATA ELEMENTS--ADDITIONAL MATERIAL CHARACTERISTICS--GENERAL INFORMATION | |
| fixed length control field | m o d |
| 007 - PHYSICAL DESCRIPTION FIXED FIELD--GENERAL INFORMATION | |
| fixed length control field | cr un ---uuuua |
| 008 - FIXED-LENGTH DATA ELEMENTS--GENERAL INFORMATION | |
| fixed length control field | 231016c20219999ve fr j ob 000 0 spa d |
| 022 ## - | |
| -- | 2739-0063 |
| 035 ## - | |
| -- | 40526 |
| 040 ## - CATALOGING SOURCE | |
| Original cataloging agency | UtOrBLW |
| Language of cataloging | eng |
| Description conventions | rda |
| Transcribing agency | UtOrBLW |
| 050 #4 - | |
| -- | HM1206 |
| -- | .R48 |
| 082 04 - | |
| -- | 302.23 |
| -- | 23 |
| 245 00 - TITLE STATEMENT | |
| Title | Revista invecom. |
| 264 #1 - | |
| -- | [Maracaibo, Venezuela] : |
| -- | [Asociación Investigadores Venezolanos de la Comunicación], |
| -- | [2021-] |
| 300 ## - PHYSICAL DESCRIPTION | |
| Extent | 1 online resource (volumes ) |
| 310 ## - | |
| -- | Semiannual |
| 336 ## - | |
| -- | text |
| -- | txt |
| -- | rdacontent |
| 337 ## - | |
| -- | computer |
| -- | c |
| -- | rdamedia |
| 338 ## - | |
| -- | online resource |
| -- | cr |
| -- | rdacarrier |
| 362 0# - | |
| -- | Began with: 2021? |
| 588 ## - | |
| -- | Latest issue consulted: Vol. 3, #2, 2023, (viewed October 16, 2023). |
| 504 ## - BIBLIOGRAPHY, ETC. NOTE | |
| Bibliography, etc | Includes bibliographical references. |
| 650 #0 - SUBJECT ADDED ENTRY--TOPICAL TERM | |
| Topical term or geographic name as entry element | Communication |
| Form subdivision | Periodicals. |
| 650 #0 - SUBJECT ADDED ENTRY--TOPICAL TERM | |
| Topical term or geographic name as entry element | Mass media |
| Form subdivision | Periodicals. |
| 856 40 - LOCALIZACIÓN Y ACCESO ELECTRÓNICO | |
| Identificador Uniforme del Recurso (URI/URL) | https://app.vlex.com/#/sources/40526 |
| 942 ## - | |
| -- | RAA |
| 999 ## - | |
| -- | 173298 |
| -- | 173298 |
No hay ítems disponibles.